Genetics (Record no. 424)

000 -LEADER
fixed length control field 00494nam a22001817a 4500
008 - FIXED-LENGTH DATA ELEMENTS--GENERAL INFORMATION
fixed length control field 160929b xxu||||| |||| 00| 0 eng d
020 ## - INTERNATIONAL STANDARD BOOK NUMBER
International Standard Book Number 9788127255152(pbk.)
082 ## - DEWEY DECIMAL CLASSIFICATION NUMBER
Edition number 23
Classification number 575.1
Item number SIN
100 ## - MAIN ENTRY--PERSONAL NAME
Personal name Singh, Phundan
245 ## - TITLE STATEMENT
Title Genetics
250 ## - EDITION STATEMENT
Edition statement 1st ed.
260 ## - PUBLICATION, DISTRIBUTION, ETC. (IMPRINT)
Place of publication, distribution, etc. New Delhi
Name of publisher, distributor, etc. Kalyani Publishers
Date of publication, distribution, etc. 2013
300 ## - PHYSICAL DESCRIPTION
Extent xviii,509p.;
Dimensions 24cm.
500 ## - GENERAL NOTE
General note Includes key references,subject index and author index.
650 ## - SUBJECT ADDED ENTRY--TOPICAL TERM
Source of heading or term Biology
Topical term or geographic name as entry element Biology
653 ## - INDEX TERM--UNCONTROLLED
Uncontrolled term Genetics
942 ## - ADDED ENTRY ELEMENTS (KOHA)
Source of classification or shelving scheme
Koha item type Books
Holdings
Withdrawn status Lost status Source of classification or shelving scheme Materials specified (bound volume or other part) Damaged status Not for loan Collection code Permanent location Current location Shelving location Date acquired Coded location qualifier Cost, normal purchase price Total Checkouts Total Renewals Full call number Barcode Date last seen Date last checked out Cost, replacement price Price effective from Koha item type Source of acquisition
      PB     Biotechnology Section Maulana Azad Central Library Maulana Azad Central Library General Stacks 2016-09-29 BIO 275.00 3 2 575.1 SIN 11000 2019-05-29 2019-05-04 275.00 2016-09-29 Books  
      PB     Biotechnology Section Maulana Azad Central Library Maulana Azad Central Library General Stacks 2016-10-13 BIO 275.00 7 4 575.1 SIN 8968 2019-08-26 2019-08-16 275.00 2016-10-13 Books  
      PB     Biotechnology Section Maulana Azad Central Library Maulana Azad Central Library General Stacks 2016-10-21 BIO 275.00 19 12 575.1 SIN 7235 2023-05-29 2023-05-22 275.00 2016-10-21 Books by purchase

Copyright @ USTM
Techno City, Kiling Road, Baridua, 9th Mile,
Ri-Bhoi, Meghalaya-793101

Powered by Koha